Roma y la Edad Media latina (Record no. 135108)

MARC details
000 -LEADER
campo de control de longitud fija 00898nam a2200253 i 4500
001 - NÚMERO DE CONTROL
campo de control 135108
003 - IDENTIFICADOR DE NÚMERO DE CONTROL
campo de control ES-MaACL
005 - FECHA Y HORA DE LA ÚLTIMA TRANSACCIÓN
campo de control 20230906194816.0
007 - CAMPO FIJO DE DESCRIPCIÓN FÍSICA--INFORMACIÓN GENERAL
campo de control de longitud fija t|
008 - DATOS DE LONGITUD FIJA--INFORMACIÓN GENERAL
campo de control de longitud fija 070709s1977 sp ||||1| spa d
080 ## - NÚMERO DE LA CLASIFICACIÓN DECIMAL UNIVERSAL
Número de la Clasificación Decimal Universal 82.09"04/14"
080 ## - NÚMERO DE LA CLASIFICACIÓN DECIMAL UNIVERSAL
Número de la Clasificación Decimal Universal 871.09
100 1# - ENTRADA PRINCIPAL--NOMBRE DE PERSONA
Nombre de persona Thoorens, Léon.
9 (RLIN) 110130
245 10 - MENCIÓN DEL TÍTULO
Título Roma y la Edad Media latina
Resto del título : Alejandría, Roma, Helenismo y latinidad, el Renacimiento /
Mención de responsabilidad, etc. León Thoorens ; [traducción de J.A. Fontanilla].
260 ## - PUBLICACIÓN, DISTRIBUCIÓN, ETC.
Lugar de publicación, distribución, etc. Barcelona :
Nombre del editor, distribuidor, etc. Daimon,
Fecha de publicación, distribución, etc. [1977]
300 ## - DESCRIPCIÓN FÍSICA
Extensión 320 p. :
Otras características físicas il. ;
Dimensiones 18 cm.
490 1# - MENCIÓN DE SERIE
Mención de serie Historia Universal de la Literatura
650 #4 - PUNTO DE ACCESO ADICIONAL DE MATERIA--TÉRMINO DE MATERIA
Término de materia o nombre geográfico como elemento de entrada Literatura medieval-
Subdivisión general Historia y crítica.
9 (RLIN) 14639
650 14 - PUNTO DE ACCESO ADICIONAL DE MATERIA--TÉRMINO DE MATERIA
Término de materia o nombre geográfico como elemento de entrada Literatura latina-
Subdivisión general Historia y crítica.
9 (RLIN) 14633
700 1# - ENTRADA AGREGADA--NOMBRE PERSONAL
Nombre de persona Fontanilla, José Antonio.
9 (RLIN) 51619
830 0# - PUNTO DE ACCESO ADICIONAL DE SERIE-TÍTULO UNIFORME
Título uniforme Historia Universal de la Literatura
9 (RLIN) 186996
852 ## - LOCALIZACIÓN
Ubicación ES-MaACL
Número de control de estantería A-8237
Sublocalización o colección R.97218
Holdings
Estatus retirado Estado de pérdida Estado de daño No para préstamo Biblioteca de origen Biblioteca actual Ubicación en estantería Fecha de adquisición Fuente de adquisición Total de préstamos Signatura topográfica completa Código de barras Visto por última vez Precio de reemplazo Tipo de ítem Koha
        Biblioteca del Ateneo de Madrid Biblioteca del Ateneo de Madrid Sala Pecera Planta 1 17/01/2008     A-8237 1140626 23/02/2023 23/02/2023 Libro impreso